ნორმალური ფორმატი
MARC ფორმატი
ჩანაწერი Personal Name
ჩანაწერთა რაოდენობა, რომელიც გამოყენებულია: 2
001 - CONTROL NUMBER
- control field: 11652
003 - CONTROL NUMBER IDENTIFIER
- control field: GE_BSU
005 - DATE AND TIME OF LATEST TRANSACTION
- control field: 20210427130946.0
008 - FIXED-LENGTH DATA ELEMENTS
- fixed length control field: 210427|| aca||aabn | a|a d
040 ## - CATALOGING SOURCE
- Original cataloging agency: GE_BSU
- Transcribing agency: GE_BSU
100 ## - HEADING--PERSONAL NAME
- Personal name: ღლონტი, ვლ.
- Relator term: სამეცნიერო ხელმძღვანელი
670 ## - SOURCE DATA FOUND
- Source citation: Work cat.: (GE_BSU)51658: მეგრელიშვილი, სოფიკო 11651, სტიმულირებისა და მოტივაციის პროცესების ორგანიზაციულ-ეკონომიკური რეგულირება სამეწარმეო საქმიანობაში /
